| 000 | 00499nam a2200181Ia 4500 | ||
|---|---|---|---|
| 001 | 24714 | ||
| 005 | 20260414151101.0 | ||
| 008 | 260414t2017||||xx |||||||||||||| ||spa|| | ||
| 041 | _aESP | ||
| 082 |
_a345.726 _bL36 |
||
| 100 |
_aLedesma Narváez, Marianella _eAUT |
||
| 245 | 0 |
_aLa nulidad de sentencia por falta de motivación : _bcriterios recientes de la corte suprema |
|
| 260 | _c2017 | ||
| 300 |
_a135 páginas : _c24 cm. |
||
| 650 | _aDER | ||
| 654 | _aCDE | ||
| 942 |
_cLIB _dJUS _fJUS _2ddc _n |
||
| 999 |
_c24714 _d24714 |
||